| 000 | 02182cam a2200289 4500500 | ||
|---|---|---|---|
| 005 | 20260222004541.0 | ||
| 041 | _afre | ||
| 042 | _adc | ||
| 100 | 1 | 0 |
_aViaud, Alicia _eauthor |
| 245 | 0 | 0 | _aLes Mémoires de Marguerite de Valois : l’histoire contre l’éloge |
| 260 | _c2026. | ||
| 500 | _a20 | ||
| 520 | _aDans ses Mémoires, Marguerite de Valois entre en dialogue avec l’éloge que lui consacre Brantôme dans son Discours sur la reyne, en substituant à un portrait idéal une narration historique ancrée dans l’expérience. Refusant l’ornementation rhétorique, elle revendique un récit dépouillé, mettant en valeur sa capacité d’action. Le récit du voyage que la reine a effectué en Flandre illustre nettement ce renversement de perspective : face à Don Juan, Marguerite de Valois n’est plus l’objet de regards admiratifs, mais une femme capable de manier la parole pour préserver sa liberté. La mémorialiste affirme ainsi sa légitimité d’autrice et d’actrice. | ||
| 520 | _aThrough her Memoirs, Marguerite de Valois engages in dialogue with the panegyric Brantôme dedicates to her in his Discours sur la reyne, substituting an idealized portrait with a historical narrative rooted in experience. Rejecting rhetorical ornamentation, she advocates for a stripped-down form of narrative, highlighting her agency. The journey she made to Flanders clearly illustrates this shift in perspective: faced with Don Juan, Marguerite de Valois is no longer the object of admiring gazes, but a woman capable of using speech to preserve her freedom. The memorialist thus asserts her legitimacy both as an author and a historical actor. | ||
| 690 | _aagentivité | ||
| 690 | _aBrantôme | ||
| 690 | _aécriture de l’histoire | ||
| 690 | _afemmes mémorialistes | ||
| 690 | _arécit de soi | ||
| 690 | _aagency | ||
| 690 | _aBrantôme | ||
| 690 | _aself-narration | ||
| 690 | _awomen memorialists | ||
| 690 | _awriting of history | ||
| 786 | 0 | _nDix-septième siècle | 309 | 4 | 2026-01-09 | p. 723-736 | 0012-4273 | |
| 856 | 4 | 1 | _uhttps://shs.cairn.info/revue-dix-septieme-siecle-2025-4-page-723?lang=fr&redirect-ssocas=7080 |
| 999 |
_c1668413 _d1668413 |
||